鬼滅の刃の柱 - Statistics

General Stats
  • This quiz has been taken 298 times
  • The average score is 7 of 9
Answer Stats
Hint Answer % Correct
蟲柱 胡蝶しのぶ
96%
水柱 冨岡義勇
93%
炎柱 煉獄杏寿郎
90%
恋柱 甘露寺蜜璃
86%
霞柱 時透無一郎
84%
音柱 宇髄天元
79%
風柱 不死川実弥
76%
蛇柱 伊黒小芭内
74%
岩柱 悲鳴嶼行冥
57%
No matching quizzes found
Score Distribution
Percent of People with Each Score
Percentile by Number Answered
Your Score History
You have not taken this quiz